书目信息 |
| 题名: |
一本书看懂互联网教育:图解版
|
|
| 作者: | ||
| 分册: | ||
| 出版信息: | 北京 人民邮电出版社 2015.12 |
|
| 页数: | 192 | |
| 开本: | 21 | |
| 丛书名: | ||
| 单 册: | ||
| 中图分类: | G434.64 | |
| 科图分类: | ||
| 主题词: | ||
| 电子资源: | ||
| ISBN: | 978-7-115-40999-7 | |
| 000 | 00500nam0 2200157 450 | |
| 001 | 202410183374688584 | |
| 005 | 20241018182612.39 | |
| 010 | @a978-7-115-40999-7@d35 | |
| 100 | @a20241018d km y0chiy0120 ea | |
| 101 | 0 | @achi |
| 200 | 1 | @a一本书看懂互联网教育:图解版@AYi Ben Shu Kan Dong Hu Lian Wang Jiao Yu:Tu Jie Ban |
| 210 | @a北京@c人民邮电出版社@d2015.12 | |
| 215 | @a192@d21 | |
| 690 | @aG434.64@v4 | |
| 801 | 0 | @aCN@b大连网信软件有限公司图书馆·11@c20241018 |
| 905 | @aZUCC@b7204191@dG434.64@e336@f1 | |
| 一本书看懂互联网教育:图解版.-北京:人民邮电出版社,2015.12 |
| 192;21 |
| ISBN 978-7-115-40999-7:35 |
| ● |
| 相关链接 |
|
|
|
|
正题名:一本书看懂互联网教育:图解版
索取号:G434.64/336
 
预约/预借
| 序号 | 登录号 | 条形码 | 馆藏地/架位号 | 状态 | 备注 |
| 1 | 7204191 | 272041916 | 密集书库-物理学院/ [索取号:G434.64/336] | 在馆 |